TNA Impact Wrestling Champions by Year - 2016 - Statistics

General Stats
  • This quiz has been taken 79 times
  • The average score is 20 of 25
Answer Stats
Title Date Event Wrestler % Correct
World Heavyweight June 12 Slammiversary Bobby Lashley
97%
X-Division July 21 Impact Wrestling Bobby Lashley
97%
World Heavyweight January 5 Impact Wrestling Ethan Carter III
94%
Knockouts October 2 Bound for Glory Gail Kim
94%
Tag Team October 2 Bound for Glory Jeff Hardy
92%
World Heavyweight January 19 Impact Wrestling Matt Hardy
92%
Tag Team October 2 Bound for Glory Matt Hardy
92%
World Heavyweight March 15 Impact Wrestling Drew Galloway
89%
World Heavyweight October 6 Impact Wrestling Eddie Edwards
89%
X-Division June 12 Slammiversary Eddie Edwards
89%
X-Division July 5 Impact Wrestling Eddie Edwards
89%
Grand December 1 Impact Wrestling Moose
86%
Tag Team April 26 Impact Wrestling: Sacrifice Abyss
81%
Tag Team March 8 Impact Wrestling James Storm
81%
Tag Team March 8 Impact Wrestling Bobby Roode
78%
Tag Team April 26 Impact Wrestling: Sacrifice Crazzy Steve
75%
Knockouts September 1 Impact Wrestling Maria Kanellis-Bennett
72%
X-Division June 21 Impact Wrestling Mike Bennett
69%
Grand October 2 Bound for Glory Aron Rex
67%
X-Division September 1 Impact Wrestling DJZ
67%
Knockouts June 12 Slammiversary Sienna
61%
X-Division February 2 Impact Wrestling Trevor Lee
61%
Knockouts August 25 Impact Wrestling: Turning Point Allie
58%
Knockouts April 5 Impact Wrestling Jade
58%
Knockouts December 1 Impact Wrestling Rosemary
53%
No matching quizzes found
Score Distribution
Percent of People with Each Score
Percentile by Number Answered
Your Score History
You have not taken this quiz